| 000 | 00835nam a22002657a 4500 | ||
|---|---|---|---|
| 003 | dpls | ||
| 005 | 20170124105917.0 | ||
| 008 | 161212b xxu||||| |||| 00| 0 eng d | ||
| 010 | _aA-576991 | ||
| 020 |
_c250.00 _a818579794 |
||
| 035 | _aA-576991 | ||
| 037 | _bCen Lib/Ret | ||
| 040 |
_aDPL _bEN _cy |
||
| 082 |
_a016.9540841 _bMIT |
||
| 100 |
_aMittal, S. C. _9106842 |
||
| 245 |
_aA selected annotated bibliography on freedom movement in india : _cby S. C. Mittal _bpunjab and hariyana / |
||
| 246 | _b | ||
| 260 |
_b Aditya Prakashan _c1992 _aDelhi |
||
| 270 |
_bDelhi _aF-12, 14/65 Model Town 2 |
||
| 300 |
_axvi, 254p.. _c21cm(Hb) |
||
| 650 |
_aBibliographies _zHariyana & Punjab _9106843 |
||
| 650 |
_x _9106844 |
||
| 650 |
_aPolitical Movements _9106845 |
||
| 942 |
_2ddc _cEN _h016.9540841 _mMIT |
||
| 999 |
_c122894 _d122894 |
||